000 00486nam a2200157 i 4500
001 76240
003 ES-MaACL
005 20230906172751.0
007 t|
008 040930s1969 sp ||||1| spa d
100 1 _aGuerrero Palomo, Lorenzo.
_960582
245 1 0 _aJofra, pintor de los campesinos /
_cpor Lorenzo Guerrero Palomo.
260 _a[S.l. :
_bs.n.,
_c1969] (
_eMarmolejo (Jaén) :
_fSan jJosé)
300 _a101 p., 12 lám. ;
_c21 cm.
852 _aES-MaACL
_jC-46311
_bR.73466
999 _c76240
_d76240